| 000 | 01159nam a22002417a 4500 | ||
|---|---|---|---|
| 003 | OSt | ||
| 005 | 20250627101044.0 | ||
| 008 | 210217s2012 ck a|||gr|||| 00| 0 spa d | ||
| 040 |
_aCO-JMCR _cCO-JMCR |
||
| 041 | 0 | _aspa | |
| 082 | 0 | 4 |
_aA-P _bBAUf _223 |
| 100 | 1 |
_aBaudelaire, Charles, _d1821-1867 _eautor _913563 |
|
| 245 | 1 | 4 |
_aLas flores del mal : _bantología / _cCharles Baudelaire |
| 260 |
_aBogotá : _bUniversidad Nacional de Colombia ; facultad de ciencias humanas, _c2012 |
||
| 300 |
_a59 páginas : _bilustraciones en blanco y negro ; _c17 cm. |
||
| 490 | 0 |
_aSeñal que cabalgamos ; _v103 |
|
| 505 | 0 | _aElevación -- La voz -- La giganta -- La caballera -- Una carroña -- A una malabaresa -- Los gatos -- Paisaje -- A una mendiga pelirroja -- Los siete viejos -- Las viejecitas -- A una transeúnte -- El amor engañoso -- El alma del vino -- El vino de los traperos -- El vino de los amantes -- El fin de la jornada | |
| 520 | 0 | _aBajo una pálida luz corre, danza y retuerce la vida, impura y gritona. | |
| 650 | 1 | 4 |
_aPoesía francesa _97738 |
| 650 | 2 | 4 |
_aliteratura francés _913564 |
| 650 | 2 | 4 |
_aPoetas, Francés _913565 |
| 942 |
_2ddc _cBK |
||
| 999 |
_c7213 _d7213 |
||